000 01372cam a22003617a 4500
001 13928326
003 OSt
005 20150408113721.0
008 050413s2004 nyua 001 0 eng d
010 _a 2005297350
020 _a0072253428
035 _a(OCoLC)ocm54079434
040 _aIG#
_cIG#
_dDLC
042 _alccopycat
050 0 0 _aQA76.575
_b.S5677 2004
082 0 4 _a006.7
_222
100 1 _aSimmons, Curt,
_d1968-
_94766
245 1 0 _aHow to do everything with Windows XP digital media /
_cCurt Simmons.
246 3 0 _aWindows XP digital media
260 _aNew York :
_bMcGraw-Hill/Osborne,
_cc2004.
300 _axviii, 347 p. :
_bill. ;
_c24 cm.
440 0 _aHow to do everything with--
_94747
500 _a"225342-8"--Spine.
500 _aIncludes index.
630 0 0 _aMicrosoft Windows (Computer file)
_94692
650 0 _aMultimedia systems.
_95102
650 0 _aDigital video.
_94794
856 4 2 _3Contributor biographical information
_uhttp://www.loc.gov/catdir/enhancements/fy0627/2005297350-b.html
856 4 2 _3Publisher description
_uhttp://www.loc.gov/catdir/enhancements/fy0627/2005297350-d.html
856 4 1 _3Table of contents only
_uhttp://www.loc.gov/catdir/enhancements/fy0627/2005297350-t.html
942 _2ddc
_cBOOK
999 _c566
_d235066